Tilastot visalle Valtioita alueiden mukaan #1

Klikkaa tästä pelataksesi tätä visaa!

Yleistilastot

  • Tätä visaa on pelattu 295 kertaa
  • Keskiarvotulos 16 / 21

Vastaustilastot

AlueValtio% Oikein
HokkaidoJapani
93%
HollantiAlankomaat
92%
BaijeriSaksa
92%
JyllantiTanska
92%
ToscanaItalia
91%
NewfoundlandKanada
86%
Uusi-EnglantiYhdysvallat
86%
TasmaniaAustralia
84%
AndalusiaEspanja
84%
CornwallYhdistynyt kuningaskunta
82%
SumatraIndonesia
78%
MantšuriaKiina
73%
BretagneRanska
70%
BöömiTšekki
68%
KamtšatkaVenäjä
64%
Etelä-OssetiaGeorgia
60%
AnatoliaTurkki
58%
ChiapasMeksiko
54%
ValloniaBelgia
51%
LuzonFilippiinit
49%
GujaratIntia
46%

Tulosjakauma

Persentiili vastausten määrän mukaan

Jokaisen tuloksen saaneiden osuus

Tuloshistoriasi

Et ole pelannut tätä visaa